| 000 | 00671nam a2200229 a 4500 | ||
|---|---|---|---|
| 003 | AR-BaBNM | ||
| 005 | 20251128204017.0 | ||
| 008 | 082120s2002 ||||||||||||||000 | spa|| | ||
| 040 | _cAR-BaBNM | ||
| 110 | 2 | _aUniversidad Católica Argentina | |
| 245 | 0 | 0 |
_aAnuario _b1991-1992 |
| 260 |
_aBuenos Aires _bUniversidad Católica Argentina _c1993 |
||
| 300 |
_a400 p. _btablas, diagr. |
||
| 650 | 4 | _aUNIVERSIDADES PRIVADAS | |
| 650 | 4 | _aESTUDIANTES UNIVERSITARIOS | |
| 650 | 4 | _aUNIVERSIDADES E INSTITUTOS DE ENSEÑANZA SUPERIOR | |
| 650 | 4 | _aPLAN DE ESTUDIOS UNIVERSITARIOS | |
| 650 | 4 | _aPROGRAMAS ESPECIALES | |
| 651 | 4 | _aArgentina | |
| 942 | _cBK | ||
| 998 | _cSILVI | ||
| 999 |
_c5800 _d5800 |
||